| 000 | 02482nam a2200301 i 4500 | ||
|---|---|---|---|
| 003 | CSPC | ||
| 005 | 20250909143051.0 | ||
| 008 | 250909s2021 enk b 001 0 eng d | ||
| 020 | _a9780367725471 | ||
| 040 |
_cCSPC _aCSPC _beng _erda |
||
| 050 | 0 | 4 |
_aHF5415.123 _b.L48 2021 |
| 082 | 0 | 4 |
_a658.802 _bL576 |
| 245 | 0 | 0 |
_aLeveraged marketing communications : _bthe importance of studying the transfer of object-to-brand associations / _cedited by Sukki Yoon, Yung Kyun Choi, and Charles R. Taylor. |
| 264 | 1 |
_aAbingdon, Oxon ; _aNew York, NY : _bRoutledge, _c2021. |
|
| 300 |
_axii, 237 pages : _billustrations ; _c25 cm. |
||
| 336 |
_2rdacontent _atext |
||
| 337 |
_2rdamedia _aunmediated |
||
| 338 |
_2rdacarrier _avolume |
||
| 504 | _aIncludes bibliographical references and index. | ||
| 505 | 0 | _aLeveraging secondary associations to build brand equity: theoretical perspectives and practical applications -- Leveraged brand evaluations in branded entertainment: effects of alliance exclusivity and presentation style -- The effects of sensory fit on consumer evaluations of co-branding -- Legitimacy and sincerity as leveraging factors in social sponsorship: an experimental investigation -- Communicating the fair trade message: the roles of reputation and fit -- When partners divorce: understanding consumer's reactions to partnership termination in cause-related marketing programs -- When good becomes bad: the role of corporate crisis and issue congruence -- Celebrity endorsements: a literature review and research agenda -- Cause-related marketing persuasion research: an integrated framework and directions for further research -- Talking about CSR matters: employees' perception of and reaction to their company's CSR communication in four different CSR domains -- Celebrity vs. influencer endorsements in advertising: the role of identification, credibility, and product-endorser fit. | |
| 520 | _a"This book examines the association between brands and entities, ideas, and contexts and combines theory and practice to offer new perspectives to help academics, practitioners, and policymakers better understand and apply LMC research." | ||
| 650 | 0 | _aCommunication in marketing. | |
| 700 | 1 |
_aYoon, Sukki, _eeditor. |
|
| 700 | 1 |
_aChoi, Yung Kyun, _eeditor. |
|
| 700 | 1 |
_aTaylor, Charles R., _eeditor. |
|
| 942 |
_2ddc _n0 _cBK _h658.802 _iL576 _kGRD _m2021 |
||
| 999 |
_c30436 _d30436 |
||